| 000 | 01309cam a2200397 a 4500 | ||
|---|---|---|---|
| 001 | 16075582 | ||
| 003 | OSt | ||
| 005 | 20140310182747.0 | ||
| 008 | 100129s2011 nyua 001 0 eng | ||
| 010 | _a 2010004109 | ||
| 020 | _a9780415574617 (hbk.) | ||
| 020 | _a0415574625 (hbk.) | ||
| 020 | _a9780415574617 (pbk.) | ||
| 020 | _a0415574617 (pbk.) | ||
| 020 | _a9780203846605 (ebk.) | ||
| 040 |
_aDLC _cDLC _dDLC |
||
| 042 | _apcc | ||
| 043 | _an-us--- | ||
| 050 | 0 | 0 |
_aLC 192.4 _b.P44 2011 |
| 245 | 0 | 0 |
_aPeer relationships in early childhood education and care / _cedited by Margaret Kernen and Elly Singer. |
| 250 | _a1st ed. | ||
| 260 |
_aNew York : _bRoutledge, _c2011. |
||
| 300 |
_axiii, 144 p. : _bill. ; _c24 cm. |
||
| 504 | _aIncludes bibliographical references and index. | ||
| 521 | _aEDU | ||
| 562 | _efor circulation. 1 copy available in the collection | ||
| 650 | 0 | _aSocialization. | |
| 650 | 0 |
_aInterpersonal relations in children _zUnited States. |
|
| 650 | 0 |
_aEarly childhood education _zUnited States. |
|
| 700 | 1 | _aKernan, Margaret. | |
| 700 | 1 |
_aSinger, Elly, _d1948- |
|
| 906 |
_a7 _bcbc _corignew _d1 _eecip _f20 _gy-gencatlg |
||
| 942 |
_2lcc _cBK _kFOR |
||
| 999 |
_c15683 _d15683 |
||